[Event "AUTO-INT-1522"]
[Site "http://www.queenalice.com/game.php?id=686209"]
[Date "2009.11.20"]
[Round "1"]
[White "Givanildo"]
[Black "PlinioRegis"]
[Result "1-0"]
[WhiteElo "1568"]
[BlackElo "1586"]

1. e3 e5 2. Bc4 d5 3. Bb3 Nc6 4. c3 Bf5 5. d3 Nf6 6. h3 Bd6 7. g3 O-O 8. g4 Be6
9. g5 Nh5 10. Qxh5 d4 11. Bxe6 fxe6 12. e4 b6 13. g6 hxg6 14. Qxg6 Ne7 15. Qxe6+
Rf7 16. h4 1-0

[Event "AUTO-INT-1522"]
[Site "http://www.queenalice.com/game.php?id=686210"]
[Date "2009.11.20"]
[Round "1"]
[White "PlinioRegis"]
[Black "Givanildo"]
[Result "0-1"]
[WhiteElo "1604"]
[BlackElo "1550"]

1. e4 e5 2. Bc4 Bc5 3. Nf3 d6 4. d3 Bg4 5. Nc3 c6 6. a3 a5 7. O-O Bxf3 8. Qxf3
Nf6 9. Bg5 h6 10. Bh4 g5 11. Bg3 h5 12. Qf5 g4 13. Qg5 Rg8 14. Qh6 b5 15. Ba2 b4
16. axb4 axb4 0-1

[Event "AUTO-INT-1522"]
[Site "http://www.queenalice.com/game.php?id=790222"]
[Date "2010.6.15"]
[Round "2"]
[White "PlinioRegis"]
[Black "Givanildo"]
[Result "0-1"]
[WhiteElo "1577"]
[BlackElo "1610"]

1. e4 e5 2. c3 b5 3. Nf3 Bd6 4. d4 exd4 5. Nxd4 a6 6. Nd2 Be5 7. N2f3 d6 8. Bd3
Bg4 9. O-O c5 10. Nc2 c4 11. Be2 Nf6 12. Be3 Nxe4 13. b3 Nxc3 14. Qd2 h6 15.
bxc4 Qf6 16. Ncd4 Ne4 17. Qd3 Nc5 18. Qb1 O-O 19. Nxe5 Bxe2 0-1

[Event "AUTO-INT-1522"]
[Site "http://www.queenalice.com/game.php?id=790223"]
[Date "2010.6.15"]
[Round "2"]
[White "Givanildo"]
[Black "PlinioRegis"]
[Result "1-0"]
[WhiteElo "1594"]
[BlackElo "1593"]

1. e4 e5 2. Bc4 f6 3. a3 c6 4. b4 d5 5. exd5 cxd5 6. Bb5+ Bd7 7. Bxd7+ Qxd7 8.
d3 Ne7 9. g4 Nbc6 10. c3 Rc8 11. b5 Na5 12. a4 Ng6 13. d4 Nc4 14. Nf3 Bd6 15.
Nbd2 O-O 16. Nxc4 dxc4 17. d5 a6 18. b6 a5 19. Ba3 Nf4 20. Bxd6 1-0

[Event "AUTO-INT-1522"]
[Site "http://www.queenalice.com/game.php?id=790225"]
[Date "2010.6.15"]
[Round "2"]
[White "anderson_amorim89"]
[Black "PlinioRegis"]
[Result "1-0"]
[WhiteElo "1853"]
[BlackElo "1592"]

1. e4 e5 2. Nf3 Nf6 3. Nxe5 Qe7 4. d4 Nxe4 5. Bd3 d5 6. O-O Nd7 7. Nxd7 Bxd7 8.
Re1 Qe6 9. f3 Bd6 10. fxe4 O-O 11. e5 Be7 12. c3 c5 13. Bf4 a6 14. Re3 b5 15.
Bxh7+ Kh8 16. Qh5 cxd4 17. Bg6+ 1-0

[Event "AUTO-INT-1839"]
[Site "http://www.queenalice.com/game.php?id=843863"]
[Date "2010.10.10"]
[Round "1"]
[White "fornov_ik"]
[Black "PlinioRegis"]
[Result "1-0"]
[WhiteElo "1478"]
[BlackElo "1612"]

1. e4 e5 2. Nf3 d6 3. d4 Nd7 4. d5 Ngf6 5. Nc3 Be7 6. Bg5 O-O 7. h3 Nc5 8. b4
Ncd7 9. h4 b6 10. Bb5 a6 11. Bc6 Rb8 12. Bxd7 Bxd7 13. a4 a5 14. b5 Bg4 15. Qd2
Nh5 16. Bxe7 Qxe7 17. Qg5 Nf6 18. h5 h6 19. Qd2 Nxh5 20. Rh4 Nf6 21. O-O-O Qd7
22. Rdh1 g5 23. Rxh6 Kg7 24. Qxg5# 1-0

[Event "AUTO-INT-1839"]
[Site "http://www.queenalice.com/game.php?id=843864"]
[Date "2010.10.10"]
[Round "1"]
[White "PlinioRegis"]
[Black "fornov_ik"]
[Result "0-1"]
[WhiteElo "1591"]
[BlackElo "1526"]

1. e4 e5 2. Nf3 Nc6 3. Bc4 Nf6 4. Nc3 d6 5. d3 a6 6. O-O g6 7. b3 b5 8. Bd5 Bb7
9. Bg5 h6 10. Bh4 g5 11. Bg3 Ng4 12. Ne1 h5 13. Qf3 f6 14. h4 gxh4 15. Bxh4 a5
16. Nxb5 Qc8 17. c3 a4 18. bxa4 Rxa4 19. Nc2 Ne7 20. Bb3 Ra5 21. c4 Rh6 22. Ne3
Bc6 23. Nc3 Ng6 24. Bg3 Rh8 25. Rad1 Bd7 26. d4 h4 27. Bh2 h3 28. gxh3 Nxe3 29.
Qxe3 Rxh3 30. Qe2 Rxc3 31. Qe1 Rh3 32. Qxa5 Rxh2 33. Kxh2 Bh3 34. Ba4+ c6 35.
Rh1 Nf4 36. d5 Bg2 37. Rhg1 Qh3# 0-1

[Event "AUTO-INT-1839"]
[Site "http://www.queenalice.com/game.php?id=843879"]
[Date "2010.10.10"]
[Round "1"]
[White "PlinioRegis"]
[Black "xmas"]
[Result "1-0"]
[WhiteElo "1586"]
[BlackElo "1840"]

1. e4 e5 2. Nf3 Nc6 3. Bc4 Nf6 4. Nc3 Bc5 5. d3 d6 6. O-O a6 7. a3 Be6 8. b4 Ba7
9. a4 Nxb4 10. Ba3 Bxc4 11. dxc4 Nc6 12. Nd5 Nxe4 13. Qe2 Nf6 14. Rad1 O-O 15.
Qd3 Kh8 16. Ng5 h6 17. Nxf6 Qxf6 18. Qh7# 1-0

[Event "AUTO-INT-1839"]
[Site "http://www.queenalice.com/game.php?id=843880"]
[Date "2010.10.10"]
[Round "1"]
[White "xmas"]
[Black "PlinioRegis"]
[Result "1-0"]
[WhiteElo "1809"]
[BlackElo "1572"]

1. e4 e5 2. Nf3 Nc6 3. Nc3 Nf6 4. Bc4 Bc5 5. d3 d6 6. O-O O-O 7. a3 Bg4 8. h3
Bh5 9. g4 Bg6 10. Bg5 Re8 11. Nd5 a6 12. Nxf6+ gxf6 13. Bh4 b5 14. Bd5 Qd7 15.
Bxf6 Nd4 16. c3 Nxf3+ 17. Qxf3 c6 18. Ba2 a5 19. h4 Rab8 20. h5 Re6 21. hxg6
hxg6 22. Bxe6 Qxe6 23. Kg2 Kf8 24. Rh1 Ke8 25. Rh8+ Kd7 26. Rxb8 d5 27. Rd8+ Kc7
28. exd5 cxd5 29. Rxd5 Ba7 30. Bd8+ Kc6 31. Rxe5+ Kd6 32. Rxe6+ Kxe6 33. Qf6+
Kd7 34. Qe7+ Kc6 35. Qxa7 a4 36. c4 bxc4 37. dxc4 1-0

[Event "AUTO-INT-1839"]
[Site "http://www.queenalice.com/game.php?id=843881"]
[Date "2010.10.10"]
[Round "1"]
[White "PlinioRegis"]
[Black "PedroNRF"]
[Result "1-0"]
[WhiteElo "1565"]
[BlackElo "1734"]

1. e4 e5 2. Nf3 Qf6 3. Nc3 c6 4. d4 Bb4 5. Bd2 d6 6. a3 exd4 7. Bg5 Bxc3+ 8.
bxc3 Qe6 9. Be2 Qxe4 10. cxd4 h6 11. Bh4 g5 12. Bg3 d5 13. O-O Ne7 14. Nd2 Qxd4
15. Rc1 Be6 16. c3 Qc5 17. Nb3 Qxa3 18. Be5 O-O 19. Bd3 Nd7 20. Bd4 Rae8 21. Qc2
a6 22. Bh7# 1-0

[Event "AUTO-INT-1839"]
[Site "http://www.queenalice.com/game.php?id=843882"]
[Date "2010.10.10"]
[Round "1"]
[White "PedroNRF"]
[Black "PlinioRegis"]
[Result "0-1"]
[WhiteElo "1789"]
[BlackElo "1588"]

1. e4 e5 2. Qh5 Nf6 3. Qxe5+ Be7 4. h3 Nc6 5. Qf4 d5 6. Bb5 O-O 7. Bxc6 bxc6 8.
e5 Nh5 9. Qa4 Bd7 10. d3 c5 11. Qb3 Rb8 12. Qxd5 c6 13. Qf3 g6 14. g4 Ng7 15.
Bh6 c4 16. Qe4 cxd3 17. Qxd3 Rxb2 18. Qc3 Bb4 19. Bxg7 Kxg7 20. Qxb4 Rxb4 21.
Nc3 Qe7 22. Nf3 Rf4 23. Ke2 c5 24. Nd5 Bb5+ 25. Ke3 Qb7 26. Kxf4 Qxd5 27. Rhc1
h6 28. Kg3 f6 29. Rd1 Qe6 30. Rd6 Qe7 31. Rd5 Bc6 32. Rd3 fxe5 33. Re1 Qf6 34.
Ree3 e4 35. Ra3 exf3 36. Rxa7+ Kg8 37. Ree7 Qf4+ 38. Kh4 g5+ 39. Kh5 Be8+ 0-1

[Event "AUTO-INT-1839"]
[Site "http://www.queenalice.com/game.php?id=897041"]
[Date "2011.2.7"]
[Round "2"]
[White "MrEnroque"]
[Black "PlinioRegis"]
[Result "1-0"]
[WhiteElo "1746"]
[BlackElo "1612"]

1. d4 e6 2. e4 Nf6 3. e5 Nd5 4. c4 Nb6 5. Nf3 d6 6. exd6 cxd6 7. Nc3 Nxc4 8.
Bxc4 a6 9. O-O b5 10. Bb3 Nc6 11. d5 Na7 12. Re1 e5 13. Nxe5 dxe5 14. Rxe5+ Be7
15. d6 Nc6 16. Rxe7+ Nxe7 17. dxe7 Qxe7 18. Bf4 O-O 19. Qf3 Bb7 20. Bd5 Rad8 21.
Bxb7 Qxb7 22. Qxb7 g6 23. Qxa6 Rd7 24. Bh6 Re8 25. Qf6 1-0

[Event "AUTO-INT-1839"]
[Site "http://www.queenalice.com/game.php?id=897042"]
[Date "2011.2.7"]
[Round "2"]
[White "PlinioRegis"]
[Black "MrEnroque"]
[Result "0-1"]
[WhiteElo "1601"]
[BlackElo "1752"]

1. e4 c5 2. Nf3 Nc6 3. Bc4 e5 4. d3 Nf6 5. Ng5 d5 6. Bb3 Be6 7. Nc3 Na5 8. Ba4+
Bd7 9. Nf3 Bxa4 10. Nxa4 dxe4 11. Nxe5 exd3 12. cxd3 Bd6 13. Bf4 Qe7 14. d4 Nd7
15. dxc5 Bxe5 16. Be3 Nc4 17. Qd3 Nxe3 18. Qxe3 O-O 19. O-O Qh4 20. g3 Qxa4 21.
Rac1 Bd4 22. Qd2 Bxc5 23. b3 Qg4 24. Qd3 Ba3 25. Rc4 Ne5 26. Qd4 Nf3+ 27. Kg2
Nxd4 28. Rd1 Qxd1 0-1

[Event "AUTO-INT-1839"]
[Site "http://www.queenalice.com/game.php?id=897049"]
[Date "2011.2.7"]
[Round "2"]
[White "PlinioRegis"]
[Black "PedroNRF"]
[Result "0-1"]
[WhiteElo "1554"]
[BlackElo "1717"]

1. e4 e5 2. Nf3 Nf6 3. Bc4 d5 4. Bb3 Bg4 5. d3 h6 6. Nc3 Bb4 7. O-O Bxf3 8. Qxf3
Bxc3 9. bxc3 d4 10. cxd4 Nbd7 11. d5 Nc5 12. Bc4 a6 13. Ba3 Ncd7 14. d6 c6 15.
d4 exd4 16. Qf4 c5 17. e5 b5 18. Be2 Nd5 19. Qf5 Nc3 20. Bf3 Ra7 21. Bd5 Nxd5
22. Rfe1 Qg5 23. Qe4 Nf4 24. g3 Ne6 25. Qc6 O-O 26. Bxc5 Nexc5 27. Rad1 Nxe5 28.
Qxc5 Nf3+ 29. Kg2 Nxe1+ 30. Rxe1 Qxc5 0-1

[Event "AUTO-INT-1839"]
[Site "http://www.queenalice.com/game.php?id=897050"]
[Date "2011.2.7"]
[Round "2"]
[White "PedroNRF"]
[Black "PlinioRegis"]
[Result "1-0"]
[WhiteElo "1751"]
[BlackElo "1542"]

1. e4 e5 2. Nf3 Nc6 3. Bb5 a6 4. Bxc6 bxc6 5. d3 d5 6. Nxe5 Be6 7. Nxc6 Qd6 8.
Na5 Nf6 9. h3 Qb4+ 10. Qd2 Rb8 11. Nc6 Rb6 12. c3 Qc5 13. Nd4 dxe4 14. b4 Qe5
15. Qe3 Nd5 16. Qxe4 Qxe4+ 17. dxe4 Nf4 18. Bxf4 Be7 19. Bxc7 Rb7 20. Be5 O-O
21. O-O Bc4 22. Rd1 a5 23. bxa5 g6 24. Nc6 Bc5 25. Bf6 h6 26. Nd2 Bb5 27. Nb4
Rd7 28. a3 Rd6 29. Nd5 Bd3 30. Be7 Re6 31. Bxf8 Kxf8 32. Nf4 1-0

[Event "AUTO-INT-1946"]
[Site "http://www.queenalice.com/game.php?id=897076"]
[Date "2011.2.7"]
[Round "1"]
[White "dladuke7"]
[Black "PlinioRegis"]
[Result "1-0"]
[WhiteElo "1593"]
[BlackElo "1584"]

1. d4 Nc6 2. Nf3 Nf6 3. Nc3 d5 4. Bf4 Bf5 5. a3 e6 6. Nb5 Bd6 7. Ne5 Qe7 8. e3
a6 9. Nxc6 bxc6 10. Bxd6 cxd6 11. Nc3 c5 12. Bd3 O-O 13. Bxf5 exf5 14. Qf3 Rab8
15. Na4 Ne4 16. Qxf5 g6 17. Qxd5 Rb5 18. Qc6 Qf6 19. Qxe4 cxd4 20. exd4 d5 21.
Qe3 Rbb8 22. O-O Rfe8 23. Qd3 Rbc8 24. Nc5 Rc6 25. c3 Rb6 26. b4 a5 27. Rae1 Qd8
28. h3 Rb8 29. Na6 Rb7 30. Rxe8+ 1-0

[Event "AUTO-INT-1946"]
[Site "http://www.queenalice.com/game.php?id=897077"]
[Date "2011.2.7"]
[Round "1"]
[White "PlinioRegis"]
[Black "dladuke7"]
[Result "0-1"]
[WhiteElo "1568"]
[BlackElo "1609"]

1. e4 e5 2. Nf3 Nc6 3. Bc4 f6 4. d3 Nge7 5. Be3 Ng6 6. Nc3 Bb4 7. Qd2 d6 8. O-O
Qe7 9. a3 Bxc3 10. Qxc3 Be6 11. b4 Bxc4 12. Qxc4 O-O-O 13. b5 Nb8 14. Rab1 b6
15. a4 Nd7 16. Nd2 Nf4 17. d4 Ne6 18. Qd5 Kb8 19. Nb3 exd4 20. a5 g5 21. a6 c6
22. Qxc6 Ne5 23. Qd5 Rc8 24. Nxd4 Rc5 25. Qb3 Nxd4 26. Bxd4 Rc7 27. Rbc1 Nc4 28.
Rfe1 Na5 29. Qd5 h5 0-1

[Event "AUTO-INT-1946"]
[Site "http://www.queenalice.com/game.php?id=897092"]
[Date "2011.2.7"]
[Round "1"]
[White "carlosjvega"]
[Black "PlinioRegis"]
[Result "1-0"]
[WhiteElo "1676"]
[BlackElo "1534"]

1. e4 e5 2. Nf3 Nc6 3. c4 Nf6 4. Nc3 Bc5 5. Be2 b6 6. a3 O-O 7. Bd3 Nd4 8. Nxd4
Bxd4 9. Nb5 Bc5 10. O-O c6 11. Nd6 Bxd6 12. b4 c5 13. b5 Bb7 14. Bb2 a6 15. a4
a5 16. Qe2 Qe7 17. g3 g6 18. Bc2 Nh5 19. d3 Qf6 20. Bc1 Be7 21. h4 d6 22. Bd1
Bc8 23. Bg5 Qe6 24. Bxe7 Qxe7 25. g4 Nf4 26. Qf3 Qxh4 27. Qg3 Qg5 28. Ra3 h5 29.
gxh5 Qf5 30. hxg6 fxg6 31. exf5 1-0

[Event "AUTO-INT-1946"]
[Site "http://www.queenalice.com/game.php?id=897093"]
[Date "2011.2.7"]
[Round "1"]
[White "PlinioRegis"]
[Black "carlosjvega"]
[Result "0-1"]
[WhiteElo "1524"]
[BlackElo "1686"]

1. e4 e5 2. Nc3 c6 3. Nf3 Qc7 4. d4 exd4 5. Nxd4 Nf6 6. Bc4 Bb4 7. O-O Bxc3 8.
bxc3 b5 9. Bb3 a5 10. a4 b4 11. cxb4 axb4 12. Re1 O-O 13. Nf5 d5 14. e5 Ne4 15.
Bh6 Bxf5 16. Bf4 Qe7 17. Qf3 Nd7 18. h3 Nc3 19. g4 Be6 20. a5 Nc5 21. Ba4 N5xa4
22. g5 Nc5 23. h4 N5e4 24. Qh5 Qc5 25. Be3 Qe7 26. f3 Ng3 27. Kg2 Nxh5 28. f4 c5
29. Rf1 d4 30. Bf2 Nxf4+ 31. Kf3 Nfd5 0-1

[Event "AUTO-INT-1946"]
[Site "http://www.queenalice.com/game.php?id=897102"]
[Date "2011.2.7"]
[Round "1"]
[White "silverado"]
[Black "PlinioRegis"]
[Result "1-0"]
[WhiteElo "1882"]
[BlackElo "1545"]

1. e4 e5 2. Nc3 Nf6 3. a3 Nc6 4. Bc4 a6 5. Nf3 Bc5 6. b4 Bb6 7. d3 d6 8. Ng5 O-O
9. Nd5 Bd4 10. c3 Bb6 11. Nxf6+ Qxf6 12. O-O a5 13. Qh5 h6 14. Nf3 Nd8 15. Nh4
Be6 16. Be3 axb4 17. Bxb6 cxb6 18. axb4 Rxa1 19. Rxa1 b5 20. Bd5 Kh7 21. Nf5
Bxf5 22. exf5 g6 23. fxg6+ fxg6 24. Qe2 Ne6 25. g3 Ng5 26. Kg2 Qf5 27. g4 Qf4
28. Ra7 h5 29. gxh5 gxh5 30. Qxh5+ Kg7 31. Rxb7+ Rf7 32. Bxf7 Nxf7 33. Rxb5 Kf6
34. c4 Nh6 35. Qf3 Ng4 36. h3 Nh2 37. Qxf4+ exf4 38. Kxh2 Ke6 39. h4 1-0

[Event "AUTO-INT-1946"]
[Site "http://www.queenalice.com/game.php?id=897103"]
[Date "2011.2.7"]
[Round "1"]
[White "PlinioRegis"]
[Black "silverado"]
[Result "0-1"]
[WhiteElo "1591"]
[BlackElo "1828"]

1. Nc3 e5 2. e4 Nc6 3. Nf3 Nf6 4. Bc4 Bc5 5. Qe2 O-O 6. a3 Bd4 7. Nb5 Bb6 8. d3
a6 9. Nc3 d6 10. b4 h6 11. Be3 Bxe3 12. Qxe3 Ng4 13. Qe2 Nd4 14. Nxd4 exd4 15.
Nd5 Ne5 16. Bb3 c6 17. Nf4 Qf6 18. Nh5 Qg5 19. f4 Nxd3+ 20. cxd3 Qh4+ 21. g3 Qh3
22. Rg1 Bg4 23. Qb2 Bxh5 24. Qxd4 Qxh2 25. e5 Qe2# 0-1